[Event "Bad Woerishofen op"]
[Site "Bad Woerishofen"]
[Date "2001.??.??"]
[Round "3"]
[White "Jenni, Florian"]
[Black "Erenska, Hanna"]
[Result "1-0"]
[WhiteElo "2493"]
[BlackElo "2256"]
[Annotator "ChessOrg"]
[PlyCount "75"]
[EventDate "1998.03.05"]
[Source "ChessBase"]
[SourceDate "1998.04.29"]

1. e4 {B28: Sizilianisch (Fruehes a7-a6)} 1... c5 2. Nf3 a6 3. c3 b5 4. d4 e6
5. Bd3 Bb7 6. O-O 6... h6 {letzter Buchzug} 7. Qe2 Be7 (7... cxd4 8. a4 $11) 8.
h3 (8. dxc5 Bxc5 9. b4 9... Be7 $14) 8... Nf6 (8... c4 9. Bc2 $11) 9. Nbd2 (9.
dxc5 Bxc5 10. e5 10... Nd5 $14) 9... d6 10. a4 b4 11. dxc5 dxc5 12. Nc4 Nc6 13.
Bf4 Na5 14. Nfe5 Nxc4 15. Nxc4 Bc6 (15... O-O 16. Rfd1 $14) 16. Rfd1 Kf8 17.
Bc2 Nd7 18. Ne5 Qc8 19. Nxc6 Qxc6 20. a5 Nf6 21. cxb4 cxb4 22. Ba4 Qc5 23. Be3
Qe5 (23... Qh5 24. Qc4 Qxa5 25. Bc6 $18) 24. Bc6 $18 24... Rb8 25. f4 Qh5 26.
Qxh5 (26. Qxa6 $5 $142 26... Bc5 27. Bd4 $18) 26... Nxh5 $16 27. g4 Nf6 28. e5
Ne8 29. Rac1 f6 (29... g5 $5 $16) 30. Ba7 Rc8 31. Bb7 Rc7 (31... Rxc1 32. Rxc1
g5 33. Rf1 $18) 32. Rxc7 Nxc7 33. Rd7 (33. Rc1 33... Ne8 $18) 33... Nb5 $2 (
33... Nd5 34. exf6 gxf6 35. f5 $18) 34. Be3 (34. Bb6 $142 34... Ke8 35. Rd2 $18
) 34... fxe5 35. fxe5 35... Kf7 $4 (35... Ke8 36. Bc6 Kf8 37. Bxb5 37... axb5
$18) 36. Bxa6 (36. Bc5 $142 36... Re8 37. Bxa6 Nc3 38. bxc3 38... bxc3 $18)
36... Rb8 (36... Ra8 37. Bxb5 37... Rxa5 $18) 37. Bc5 Kg6 38. Rxe7 (38. Rxe7 h5
39. Rxe6+ Kg5 40. Rb6 $18) 1-0

[Event "Bad Woerishofen op"]
[Site "Bad Woerishofen"]
[Date "2001.??.??"]
[Round "4"]
[White "Jenni, Florian"]
[Black "Filippov, Valeri"]
[Result "0-1"]
[WhiteElo "2493"]
[BlackElo "2619"]
[Annotator "ChessOrg"]
[PlyCount "80"]
[EventDate "1998.03.05"]
[Source "ChessBase"]
[SourceDate "1998.04.29"]

1. e4 {B33: Sizilianisch (Lasker/Pelikan/Sweschnikow-Variante)} 1... c5 2. Nf3
Nc6 3. d4 cxd4 4. Nxd4 Nf6 5. Nc3 e5 6. Ndb5 d6 7. Bg5 a6 8. Na3 b5 9. Bxf6
gxf6 10. Nd5 f5 11. exf5 Bxf5 12. c3 Bg7 13. Nc2 Be6 14. g3 O-O 15. Bg2 a5 16.
O-O f5 17. Qh5 b4 18. Rad1 bxc3 19. bxc3 Rb8 20. Rd2 20... Kh8 {letzter Buchzug
} 21. Rfd1 Ne7 22. Nxe7 Qxe7 23. Ne3 Rb6 24. Bd5 e4 25. Bxe6 (25. Nc4 Ra6 26.
Bxe6 Qxe6 27. Nxd6 27... Bxc3 $14) 25... Qxe6 $11 26. Rd5 f4 27. gxf4 Rxf4 28.
Rf5 Rxf5 29. Qxf5 Qxa2 30. Qxe4 (30. Nd5 Rb8 31. Nf6 Bxf6 32. Qxf6+ Kg8 33.
Qxd6 33... Re8 $11) 30... Rb8 (30... Bxc3 $2 31. Nd5 Rb8 32. Nxc3 Qg8+ 33. Kf1
$18) 31. Nf5 Bxc3 32. Rxd6 a4 (32... Qb1+ 33. Qxb1 Rxb1+ 34. Kg2 $15) 33. Rc6 (
33. Qf3 $5 33... Qc2 34. Ne3 Qb1+ 35. Kg2 Rg8+ 36. Ng4 $15) 33... a3 $17 34.
Kg2 (34. Kf1 $5 $142 34... Qb2 35. Qc4 Qb1+ 36. Kg2 Rg8+ 37. Ng3 $17) 34...
Qg8+ $19 35. Ng3 $2 (35. Kh3 Bb2 36. Rc2 Qb3+ 37. Ne3 $19) 35... Bb2 (35... Bg7
$19 $142) 36. Rc2 $17 36... Qb3 (36... Ra8 $142 37. Qb7 37... Bg7 $19) 37. Rc7
$11 37... Qg8 38. Rc2 Qg6 39. Qa4 $4 (39. Qf4 $142 39... Ra8 40. Qf3 $17) 39...
Qxc2 $3 $19 40. Qxc2 a2 (40... a2 41. f4 41... a1=Q $19) 0-1

[Event "Bad Woerishofen op"]
[Site "Bad Woerishofen"]
[Date "2001.??.??"]
[Round "7"]
[White "Jenni, Florian"]
[Black "Graf, Alexander"]
[Result "1/2-1/2"]
[WhiteElo "2493"]
[BlackElo "2649"]
[Annotator "ChessOrg"]
[PlyCount "109"]
[EventDate "1998.03.05"]
[Source "ChessBase"]
[SourceDate "1998.04.29"]

1. e4 {B47: Sizilianisch (Paulsen/Taimanow-Variante)} 1... c5 2. Nf3 e6 3. d4
cxd4 4. Nxd4 Nc6 5. Nc3 Qc7 6. Be2 a6 7. O-O b5 8. Nxc6 Qxc6 9. Bf3 Bb7 10. Bf4
10... Rd8 {letzter Buchzug} 11. Qe2 Ne7 12. Rfd1 Ng6 13. Bg3 Qc5 14. e5 (14. a3
14... Be7 $11) 14... Bxf3 $15 15. Qxf3 Nxe5 16. Qe2 f6 17. Re1 Nf7 18. Rad1 Qc4
(18... Qc6 19. Nd5 Rc8 20. Rd2 $15) 19. Nd5 Bc5 (19... Qxe2 $5 20. Nc7+ Ke7 21.
Rxe2 21... h5 $14) 20. Nc7+ $16 20... Ke7 21. Qf3 (21. a3 e5 22. Nxa6 22... Bd6
$14) 21... h5 (21... Qxa2 22. b4 Ng5 23. Qb7 Bxb4 24. Nd5+ Kf7 25. Nxb4 $18) (
21... Qxc2 22. Rc1 Qd2 23. Red1 Qxb2 24. Rxc5 Qxa2 25. Qb7 $16) 22. Qb7 22...
h4 $4 (22... e5 $142 23. Nxa6 23... Bd6 $11) 23. Nxe6 $18 23... hxg3 24. Rxd7+
$1 24... Rxd7 25. Nxc5+ Kf8 26. Nxd7+ Kg8 27. hxg3 Qd4 (27... Qxc2 28. b3 $18)
28. c3 (28. Re8+ $5 28... Kh7 29. Rxh8+ Nxh8 30. Nf8+ Kh6 31. Qxg7+ Kxg7 32.
Ne6+ Kg6 33. Nxd4 33... Nf7 $18) 28... Qd6 29. Qb8+ (29. Re8+ Kh7 30. Qe4+ Kh6
31. Qh4+ Kg6 32. Qg4+ Kh7 33. Qf5+ g6 34. Rxh8+ Kxh8 35. Qxf6+ Kg8 36. Qxd6
36... Nxd6 $18) 29... Kh7 30. Qxd6 Nxd6 31. Re6 Nc4 32. b3 Nd2 33. Nc5 (33.
Rxa6 $5 33... Rc8 34. Ra5 34... Rc7 $18) 33... Rc8 34. b4 a5 (34... Nb1 35.
Rxa6 Nxc3 36. f4 $18) 35. Re2 (35. Rb6 $5 35... axb4 36. cxb4 36... Ra8 $18)
35... Nb1 $16 36. Ne4 Nxc3 37. Nxc3 Rxc3 38. bxa5 Ra3 39. Rb2 Rxa5 40. f3 Kg6
41. Kf2 Kf5 42. g4+ Kf4 43. Re2 Ra3 44. g3+ Kg5 45. Rb2 b4 46. Kg2 Rc3 47. Rxb4
Rc2+ 48. Kh3 Rxa2 49. Rb5+ Kh6 50. Rh5+ Kg6 51. f4 Kf7 52. Rb5 g6 53. f5 (53.
g5 fxg5 54. Rxg5 54... Rd2 $16) 53... g5 54. Rb7+ Kf8 55. Rf7+ (55. Rb1 55...
Rc2 $16) 1/2-1/2

[Event "Bad Woerishofen op"]
[Site "Bad Woerishofen"]
[Date "2001.??.??"]
[Round "8"]
[White "Jenni, Florian"]
[Black "Glek, Igor"]
[Result "0-1"]
[WhiteElo "2493"]
[BlackElo "2551"]
[Annotator "ChessOrg"]
[PlyCount "66"]
[EventDate "1998.03.05"]
[Source "ChessBase"]
[SourceDate "1998.04.29"]

1. e4 {C12: Franzoesische Verteidigung (MacCutcheon-Variante)} 1... e6 2. d4 d5
3. Nc3 Nf6 4. Bg5 Bb4 5. exd5 Qxd5 6. Bxf6 Bxc3+ 7. bxc3 gxf6 8. Qg4 {
letzter Buchzug} 8... Bd7 9. Qg7 Rf8 10. Qxf6 Ba4 11. Qf4 Qa5 12. Qd2 Nc6 13.
Bd3 O-O-O 14. f4 f6 15. Nf3 e5 16. fxe5 (16. O-O-O exf4 17. Rhe1 17... Rfe8 $14
) 16... fxe5 17. O-O (17. dxe5 $5 $142 17... Nxe5 18. O-O Nxf3+ 19. Rxf3 Rxf3
20. gxf3 $15) 17... exd4 $17 18. Ng5 dxc3 19. Qe3 Rg8 20. Ne4 Nd4 21. Rf2 Qe5
22. Raf1 Bc6 23. Qf4 Qg7 24. Ng3 h5 25. Qh4 Qg5 (25... Kb8 26. a3 $17) 26. Qxh5
Qe3 27. Kh1 Rh8 28. Qg4+ Kb8 29. Qf4 Qe6 30. Qg5 $4 (30. Ne4 Bxe4 31. Qxe4
31... Qxa2 $17) 30... a6 $4 (30... Qh3 31. Nh5 Qxh5 32. Qxh5 Rxh5 33. Kg1 $19)
31. a3 $2 (31. Kg1 $17 $142) 31... Qh3 $19 32. Qxd8+ (32. Nh5 Rdg8 33. Bg6 Rxg6
34. Rf8+ Ka7 35. Qc5+ b6 36. Qxc6 Qxh2+ 37. Kxh2 Rxh5+ (37... Nxc6 $4 38. Rxh8
Nd4 39. Rf7 $18) 38. Kg1 38... Rxc6 $19) 32... Rxd8 33. Be4 (33. Ne4 Bxe4 34.
Bxe4 34... Qe6 $19) 33... Bxe4 (33... Bxe4 34. Nxe4 34... Qe3 $19) 0-1

[Event "Bad Woerishofen op"]
[Site "?"]
[Date "2001.??.??"]
[Round "1"]
[White "Joachim, Klaus"]
[Black "Pohlers, Juergen"]
[Result "0-1"]
[WhiteElo "1600"]
[BlackElo "2129"]
[Annotator "ChessOrg"]
[PlyCount "74"]
[EventDate "2000.??.??"]

1. e4 {B32: Sizilianisch (Loewenthal-Variante)} 1... c5 2. Nf3 Nc6 3. d4 cxd4
4. Nxd4 e5 5. Nf3 {letzter Buchzug} 5... Nf6 6. Bg5 (6. Bd3 d5 7. exd5 7...
Qxd5 $11) 6... Bc5 (6... Qa5+ $142 7. Bd2 7... Qb6 $11) 7. c3 (7. Bxf6 $142
7... Qxf6 8. c3 $11) 7... Bxf2+ $1 $17 8. Kxf2 (8. Ke2 $5 $142 8... Qb6 9. Nbd2
$17) 8... Nxe4+ $19 9. Ke1 Nxg5 10. Nxg5 Qxg5 11. Nd2 d5 12. Nf3 Qe3+ 13. Qe2
Qxe2+ 14. Bxe2 Bg4 15. Rd1 Rd8 16. h3 Bxf3 17. gxf3 d4 18. cxd4 Nxd4 19. Rd2
Ke7 20. Kf2 Rd6 21. Rc1 Rhd8 22. Bf1 Ne6 23. Rxd6 Rxd6 24. Rc2 Rc6 25. Rd2 Nd4
26. Bd3 f5 27. b3 Rc3 28. Be2 Rc2 (28... Kf6 29. Kg2 $19) 29. Rxc2 Nxc2 30. Bd3
Nd4 31. Ke3 (31. h4 31... Kf6 $19) 31... g5 32. h4 (32. b4 32... b5 $19) 32...
h6 (32... gxh4 $5 $142 33. Bf1 $19) 33. hxg5 hxg5 34. Bc4 b5 35. Bd5 Nc2+ 36.
Kf2 Nb4 37. Kg3 (37. Bb7 Nxa2 38. Bc8 $19) 37... Nxd5 (37... Nxd5 38. a3 b4 39.
axb4 39... Nxb4 $19) 0-1

[Event "Bad Woerishofen op"]
[Site "Bad Woerishofen"]
[Date "2001.??.??"]
[Round "3"]
[White "Joachim, Klaus"]
[Black "Mossekel, Manfred"]
[Result "1/2-1/2"]
[WhiteElo "1600"]
[BlackElo "1661"]
[Annotator "ChessOrg"]
[PlyCount "78"]
[EventDate "1998.03.05"]
[Source "ChessBase"]
[SourceDate "1998.04.29"]

1. e4 {B28: Sizilianisch (Fruehes a7-a6)} 1... c5 2. Nf3 a6 3. d4 cxd4 4. Nxd4
Nf6 5. Nc3 e5 6. Nb3 6... Bb4 {letzter Buchzug} 7. Bd2 O-O 8. Bd3 d5 (8... b6
$5 $11 $142) 9. Nxd5 $16 9... Bxd2+ 10. Nxd2 (10. Qxd2 $5 10... Be6 11. Rd1 $16
) 10... Nxd5 $14 11. exd5 Qxd5 12. O-O Nc6 13. Nc4 Qd8 14. Re1 Qg5 15. Re3 Bg4
16. Rg3 Bxd1 17. Rxg5 h6 18. Rg3 (18. Nxe5 $143 18... hxg5 19. Nxc6 bxc6 20.
Rxd1 20... Rfe8 $15) 18... Bh5 19. Re3 (19. Re1 19... f6 $14) 19... f6 $11 20.
Nd6 Rab8 21. Nf5 Bg4 22. Nxh6+ gxh6 23. Rg3 f5 24. f3 e4 25. Bc4+ Kh7 26. fxg4
f4 27. Rc3 Nd4 28. Re1 e3 29. Bd5 Nb5 30. Rd3 Rbd8 (30... Nd6 $5 $16) 31. Bxb7
31... Nd4 $2 (31... Rxd3 32. cxd3 a5 33. Rc1 $18) 32. Be4+ (32. c3 $5 $142
32... Nb5 33. Rxd8 Rxd8 34. Bxa6 34... Nc7 $18) 32... Kg7 33. c3 Ne6 34. Kf1
Nc5 35. Rxd8 Rxd8 36. Bf3 (36. Bc2 $5 $18 $142) 36... Rd2 $16 37. Re2 (37. b4
Nd3 38. Rd1 Rf2+ 39. Kg1 Rxf3 40. gxf3 $11 (40. Rxd3 $2 40... e2 41. Rxf3 e1=Q+
42. Rf1 Qe3+ 43. Rf2 43... Kf6 $19)) 37... Rd1+ $11 38. Re1 Rd2 39. Re2 (39. b4
Nd3 40. Rd1 Rf2+ 41. Kg1 Rxf3 42. gxf3 $11 (42. Rxd3 $2 42... e2 43. Rxf3 e1=Q+
44. Rf1 Qe3+ 45. Rf2 45... Kf6 $19)) 39... Rd1+ $11 1/2-1/2

[Event "Bad Woerishofen op"]
[Site "Bad Woerishofen"]
[Date "2001.??.??"]
[Round "5"]
[White "Joachim, Klaus"]
[Black "Polushkina, Svetlana"]
[Result "0-1"]
[WhiteElo "1600"]
[BlackElo "2160"]
[Annotator "ChessOrg"]
[PlyCount "38"]
[EventDate "1998.03.05"]
[Source "ChessBase"]
[SourceDate "1998.04.29"]

1. e4 {B10: Caro-Kann-Verteidigung} 1... c6 2. Nc3 d5 3. exd5 {letzter Buchzug}
3... cxd5 4. d4 Nf6 5. Nf3 Bg4 6. h3 Bh5 7. Bd3 Nc6 8. Be3 e6 9. a3 Bd6 10. O-O
O-O 11. Nb5 Bb8 12. c4 dxc4 13. Bxc4 a6 14. Nc3 Qc7 15. g3 Nxd4 16. Be2 (16.
Bxd4 Qxc4 17. Bxf6 17... gxf6 $17) 16... Nxe2+ (16... Nxf3+ 17. Bxf3 Rd8 18.
Qe2 Bxf3 19. Qxf3 $17) 17. Qxe2 $17 17... e5 18. Rac1 (18. Bg5 $5 $142 18...
Qc6 19. g4 $17) 18... Qd7 $19 19. h4 $2 (19. Bc5 $142 19... Qc6 20. g4 Bxg4 21.
hxg4 Qxc5 22. g5 $19) 19... e4 (19... e4 20. Rfd1 20... exf3 $19 (20... Bxf3
$143 21. Rxd7 Bxe2 22. Rxb7 $19)) 0-1

[Event "Bad Woerishofen op"]
[Site "Bad Woerishofen"]
[Date "2001.??.??"]
[Round "8"]
[White "Joachim, Klaus"]
[Black "Grundl, Manfred"]
[Result "1/2-1/2"]
[WhiteElo "1600"]
[BlackElo "1800"]
[Annotator "ChessOrg"]
[PlyCount "108"]
[EventDate "1998.03.05"]
[Source "ChessBase"]
[SourceDate "1998.04.29"]

1. e4 {B18: Caro-Kann (Hauptvariante)} 1... c6 2. d4 d5 3. Nc3 dxe4 4. Nxe4 Bf5
5. Bd3 Qxd4 6. Nf3 Qd8 7. Ne5 {letzter Buchzug} 7... Qa5+ 8. Bd2 Qxe5 9. Bc3
Qe6 10. Qe2 Bxe4 11. Bxe4 Nf6 12. Bxf6 gxf6 13. O-O-O (13. Bf3 Qxe2+ 14. Bxe2
14... Nd7 $19) 13... f5 (13... Qxa2 $142 14. c3 14... Nd7 $19) 14. Qd3 Nd7 (
14... Qd6 15. Qxd6 exd6 16. Bxf5 $19) 15. Bxf5 Ne5 16. Qh3 (16. Qe4 Bh6+ 17. f4
17... Qf6 $19) 16... Qh6+ (16... Qxa2 $4 17. Bd7+ Kd8 18. Be6+ Qd5 19. Bxd5
cxd5 20. Rxd5+ Ke8 21. Rxe5 $18) 17. f4 Qxh3 (17... Qxf4+ 18. Kb1 Rd8 19. Rxd8+
Kxd8 20. Rd1+ Kc7 21. Qa3 $19) 18. Bxh3 Bh6 19. g3 O-O (19... Rg8 $5 20. Bf5
$19) 20. Kb1 Nc4 21. Rd7 e5 22. b3 Na5 23. fxe5 Rad8 24. Rhd1 (24. e6 Rxd7 25.
exd7 25... Rd8 $17) 24... Rxd7 25. Rxd7 Re8 26. Rd6 (26. b4 Nc4 27. e6 fxe6 28.
Rxb7 28... Be3 $19) 26... Bg7 (26... Bf8 $5 27. Rd1 $19) 27. e6 fxe6 28. Rxe6
Kf8 29. Rxe8+ Kxe8 30. Be6 b6 31. Bc8 c5 32. Ba6 Nc6 33. Bb5 Kd7 34. h4 Kd6 35.
Bd3 h6 36. g4 (36. a4 36... Bc3 $19) 36... Ne5 37. Be2 Kd5 38. g5 Ke4 (38...
hxg5 $5 39. hxg5 Ke4 40. Kc1 $19) 39. gxh6 Bxh6 40. Kb2 Nf3 41. h5 Bg7+ 42. Ka3
Nd4 43. Bd3+ Ke5 44. Ka4 Kd6 45. a3 Ne6 46. b4 Nf4 47. Bg6 Nxg6 48. hxg6 cxb4
49. axb4 Kc6 50. c4 Be5 51. Kb3 a6 52. Kc2 52... a5 $4 (52... Kd6 $19 $142) 53.
bxa5 $11 53... bxa5 54. Kb3 Kc5 1/2-1/2

[Event "Bad Woerishofen op"]
[Site "Bad Woerishofen"]
[Date "2001.??.??"]
[Round "2"]
[White "Joergens, Markus"]
[Black "Sand, Rolf"]
[Result "1/2-1/2"]
[WhiteElo "2276"]
[BlackElo "2113"]
[Annotator "ChessOrg"]
[PlyCount "60"]
[EventDate "1998.03.05"]
[Source "ChessBase"]
[SourceDate "1998.04.29"]

1. Nf3 {A34: Englische Eroeffnung (Symmetrische Variante)} 1... Nf6 2. c4 c5 3.
g3 d5 4. cxd5 Nxd5 5. Bg2 Nc6 6. Nc3 Nc7 7. a3 g6 8. O-O Bg7 9. d3 O-O 10. Be3
{letzter Buchzug} 10... b6 11. Qa4 Bd7 12. Qh4 Rc8 13. Rfc1 e5 14. b4 Qxh4 15.
Nxh4 Nd4 (15... cxb4 $143 16. axb4 a5 17. bxa5 bxa5 18. Bxc6 Bxc6 19. Rxa5 $16)
16. Rab1 (16. bxc5 Nb3 17. Rab1 Nxc1 18. Rxc1 bxc5 19. Bxc5 19... Rfd8 $15)
16... cxb4 17. axb4 Ncb5 18. Bxd4 Nxd4 19. Kf1 Be6 20. Nd5 Bxd5 21. Bxd5 Rfd8
22. Bb7 Rxc1+ 23. Rxc1 Bf8 24. Ra1 (24. Rb1 $5 $11) 24... Rd7 $17 (24... Bxb4
$143 25. Rxa7 Bc5 26. Nf3 $11) 25. Ba6 Bxb4 26. e3 Ne6 27. Nf3 Bd6 28. Bc8 Re7
29. Bxe6 fxe6 30. Nd2 Rd7 1/2-1/2

[Event "Bad Woerishofen op"]
[Site "Bad Woerishofen"]
[Date "2001.??.??"]
[Round "4"]
[White "Joergens, Markus"]
[Black "Ries, Berthold"]
[Result "1-0"]
[WhiteElo "2276"]
[BlackElo "2014"]
[Annotator "ChessOrg"]
[PlyCount "67"]
[EventDate "1998.03.05"]
[Source "ChessBase"]
[SourceDate "1998.04.29"]

1. Nf3 {B37: Sizilianisch (Maroczy-Aufbau)} 1... c5 2. c4 Nc6 3. d4 cxd4 4.
Nxd4 Nf6 5. Nc3 d6 6. e4 g6 7. Be2 Bg7 8. Nc2 O-O 9. Be3 9... h6 {
letzter Buchzug} 10. Qd2 Kh7 11. f3 a5 12. O-O Nd7 13. Rab1 Nc5 14. b3 b6 15.
a3 f5 16. exf5 Bxf5 17. Rfd1 Ne5 18. h3 Rc8 19. f4 Nc6 20. Bf3 Ne6 21. Nd5 (21.
Ne4 a4 22. b4 22... Qc7 $14) 21... Bxc2 (21... b5 22. Bb6 Qd7 23. Rdc1 $11) 22.
Qxc2 Ncd4 (22... Ned4 23. Qd3 e6 24. Bg4 $11) 23. Qe4 $14 23... Nxf3+ (23...
Nc5 24. Qxe7 Ncxb3 25. Qxd8 Rfxd8 26. Nxb6 $16) 24. gxf3 $16 24... Nc5 25. Qxe7
Qxe7 26. Nxe7 Rce8 27. Nd5 Ne6 (27... Nd7 $5 $18) 28. Kg2 g5 29. fxg5 Nxg5 30.
Rf1 (30. Bxb6 Rxf3 31. Rd2 Rxh3 32. Bxa5 32... Re4 $11) 30... Re6 (30... b5 31.
h4 Ne6 32. cxb5 $18) 31. h4 Nf7 32. Bxb6 Rg6+ (32... a4 33. f4 axb3 34. Rxb3
Re2+ 35. Kg3 $18) 33. Kh3 Ne5 (33... a4 34. f4 Re6 35. bxa4 $18) 34. f4 (34. f4
Nc6 35. f5 $18) (34. Bxa5 Nxf3 35. h5 35... Rg5 $16) 1-0

[Event "Bad Woerishofen op"]
[Site "Bad Woerishofen"]
[Date "2001.??.??"]
[Round "6"]
[White "Joergens, Markus"]
[Black "Maniocha, Marek"]
[Result "1-0"]
[WhiteElo "2276"]
[BlackElo "2073"]
[Annotator "ChessOrg"]
[PlyCount "73"]
[EventDate "1998.03.05"]
[Source "ChessBase"]
[SourceDate "1998.04.29"]

1. c4 {E95: Koenigsindisch (Klassisches System)} 1... Nf6 2. Nc3 g6 3. d4 Bg7
4. e4 d6 5. Nf3 O-O 6. Be2 Nbd7 7. O-O e5 8. Re1 c6 9. Bf1 Re8 10. Rb1 10... a6
{letzter Buchzug} 11. b4 exd4 12. Nxd4 (12. Qxd4 $2 12... Nd5 13. exd5 Bxd4 14.
Rxe8+ Qxe8 15. Nxd4 cxd5 16. cxd5 16... Qe5 $19) 12... Nf8 13. Nb3 $2 (13. h3
$11 $142) 13... Ng4 $19 14. f3 (14. Bb2 Qh4 15. h3 Qxf2+ 16. Kh1 16... Be5 $19)
14... Nxh2 $1 15. Ne2 (15. Kxh2 Bxc3) 15... Nxf1 16. Kxf1 Be6 17. Bf4 (17. Na5
$5 17... Qd7 18. Be3 $17) 17... Bxc4 $19 18. Bxd6 Qh4 (18... Bc3 19. Na5 Bxe1
20. Nxc4 $19) 19. Bc5 (19. Qc2 $5 $142 19... Rad8 20. Qxc4 Rxd6 21. Nc5 $19)
19... Rad8 20. Qc1 Bb5 (20... Bd3 $5 $142 21. Bb6 Rd7 22. Rd1 $19) 21. Be3 Ne6
22. Kg1 (22. Na5 Rd7 23. Nc4 $19) 22... Be5 23. f4 Bxe2 24. fxe5 Bd3 25. Rb2
Bxe4 (25... Qxe4 $6 26. Bb6 Qxb4 27. Na5 $17) 26. Nc5 Nxc5 27. bxc5 (27. Bg5
Qg3 28. bxc5 28... Rd4 $19) 27... Rxe5 28. Bf4 28... Re6 $4 (28... Rh5 $142 29.
Rxe4 Rd1+ 30. Qxd1 Qh1+ 31. Kf2 31... Qxd1 $19) 29. Bg5 $17 29... Qxe1+ $4 (
29... Qg3 $142 30. Bxd8 Bxg2 31. Rxe6 Be4+ 32. Kf1 32... fxe6 $17) 30. Qxe1 $18
30... Rd5 31. Bh6 31... Rh5 $4 (31... Rd7 $18 $142) 32. Qd2 (32. Rxb7 $143
32... Rxh6 33. Qf2 Bf5 34. Rb8+ Kg7 35. Qd4+ 35... Rf6 $18) 32... Rd5 (32...
Re8 33. Rxb7 Bd5 34. Qf4 $18) 33. Qf4 (33. Rxb7 $142 33... f6 34. Qb2 Rd1+ 35.
Kh2 $18) 33... Re8 (33... Rde5 34. Rxb7 f6 35. Rg7+ Kf8 36. Rxg6+ Kf7 37. Rxf6+
Rxf6 38. Qxe5 Bd5 39. Qc7+ Ke8 40. Qc8+ 40... Ke7 $18) 34. Rxb7 (34. Qf6 Rd1+
35. Kh2 Rh1+ 36. Kxh1 Bxg2+ 37. Kh2 b6 38. Qg7#) 34... Bf5 $18 35. Re7 $1 35...
Rdd8 (35... Rxe7 36. Qb8+ Bc8 37. Qxc8+ Rd8 38. Qxd8+ Re8 39. Qxe8#) 36. Rxe8+
(36. Qe5 $1 36... Rd1+ 37. Kh2 Rh1+ 38. Kxh1 f6 39. Rxe8+ Kf7 40. Qe7#) 36...
Rxe8 $18 37. Qd4 (37. Qd4 f6 38. Qxf6 Re1+ 39. Kh2 Rh1+ 40. Kxh1 g5 41. Qf8#)
1-0

[Event "Bad Woerishofen op"]
[Site "Bad Woerishofen"]
[Date "2001.??.??"]
[Round "8"]
[White "Joergens, Markus"]
[Black "Damm, Fabian"]
[Result "1/2-1/2"]
[WhiteElo "2276"]
[BlackElo "2144"]
[Annotator "ChessOrg"]
[PlyCount "87"]
[EventDate "1998.03.05"]
[Source "ChessBase"]
[SourceDate "1998.04.29"]

1. Nf3 {E99: Koenigsindisch (Klassisches System)} 1... d6 2. d4 Nf6 3. c4 g6 4.
Nc3 Bg7 5. e4 O-O 6. Be2 e5 7. O-O Nc6 8. d5 Ne7 9. Ne1 Nd7 10. Nd3 f5 11. Bd2
Nf6 12. f3 Kh8 13. Rc1 Neg8 14. c5 14... Bh6 {letzter Buchzug} 15. cxd6 cxd6
16. Nf2 Bxd2 17. Qxd2 a6 18. Rc2 Bd7 19. Rfc1 Rc8 20. Qe3 f4 21. Qa7 Qc7 22.
Nd3 g5 23. Bd1 Ra8 24. Qf2 Qd8 25. h3 Ne8 26. b3 h5 27. Na4 g4 (27... Bxa4 $5
28. bxa4 28... Ngf6 $14) 28. hxg4 hxg4 29. fxg4 Bxa4 30. bxa4 Rf7 31. Rc3 (31.
g3 Ngf6 32. gxf4 32... Nxe4 $18) 31... Qg5 32. Ne1 Ngf6 33. Nf3 Qg6 34. Rc8 (
34. g5 $5 $142 34... Nh7 35. Qb6 $16) 34... Rxc8 $11 35. Rxc8 Rh7 (35... Qxg4
$5 $142 36. Qh4+ Qxh4 37. Nxh4 Rc7 38. Rxc7 38... Nxc7 $14) 36. Nh4 $16 36...
Qf7 (36... Qxe4 $2 37. Bc2 Qxd5 38. g5 $18 (38. Bxh7 $6 38... Qd1+ (38... Kxh7
$143 39. g5 Ng4 40. Qc2+ e4 41. Rc4 $18 (41. Rxe8 Qd4+ 42. Kf1 Ne3+ 43. Ke2
Nxc2 44. g6+ Kg7 45. Nf5+ Kxg6 46. Nxd4 Nxd4+ 47. Kd2 47... Kf5 $15)) 39. Qf1
39... Qxg4 $14)) 37. g5 Qd7 (37... Nxe4 38. g6 Qd7 39. Rxe8+ Qxe8 40. Qe1 $16)
38. gxf6 (38. Ng6+ Kg8 39. Ne7+ Rxe7 40. gxf6 Qxc8 41. fxe7 $11) 38... Qxc8 $11
39. Ng6+ Kg8 40. Ne7+ Rxe7 41. fxe7 Nf6 42. Qb6 (42. g3 Kf7 (42... Nxe4 $4 43.
Qc2 Qe8 44. Qxe4 $18) 43. gxf4 43... Qc1 $11) 42... Qc3 (42... Qc1 43. Qb3 $15)
43. Qd8+ Kh7 44. e8=Q 1/2-1/2

[Event "Bad Woerishofen op"]
[Site "Bad Woerishofen"]
[Date "2001.??.??"]
[Round "2"]
[White "Kalinitschev, Sergej"]
[Black "Hofmann, Juergen"]
[Result "1-0"]
[WhiteElo "2495"]
[BlackElo "2181"]
[Annotator "ChessOrg"]
[PlyCount "65"]
[EventDate "1998.03.05"]
[Source "ChessBase"]
[SourceDate "1998.04.29"]

1. d4 {D61: Damengambit (Hauptvariante mit 7.Dc2)} 1... d5 2. c4 c6 3. Nc3 Nf6
4. Bg5 e6 5. e3 Nbd7 6. Nf3 Be7 7. Qc2 O-O 8. Rd1 Qa5 9. cxd5 9... Nxd5 {
letzter Buchzug} 10. Bxe7 Nxe7 11. Bd3 h6 12. O-O e5 13. Rfe1 exd4 14. exd4 Nd5
15. Nxd5 Qxd5 16. Bc4 Qd6 17. Ne5 (17. d5 Nb6 18. dxc6 18... Qxc6 $16) 17...
Nxe5 18. dxe5 Qe7 19. Rd6 Qg5 20. Qe4 Bf5 21. h4 Qh5 22. Qd4 c5 23. Qf4 Bg4 24.
Re4 Be6 25. Be2 (25. Bxe6 fxe6 26. Qg4 Qxg4 27. Rxg4 27... Rad8 $14) 25... Qf5
$11 26. Qe3 (26. Qxf5 $142 26... Bxf5 27. Ra4 $14) 26... h5 (26... Bxa2 $142
27. b4 27... b6 $15) 27. Bd3 $16 27... Qh7 (27... Bxa2 $2 28. Ra4 (28. Qxc5 $6
28... Qc8 29. Qe3 29... Qc7 $16) 28... Qc8 29. Rxa2 $18) 28. Rb4 $1 28... cxb4
(28... Bf5 29. Rxb7 Bxd3 30. Rxd3 Rab8 31. Rxb8 31... Rxb8 $18) 29. Bxh7+ $18
29... Kxh7 30. Qe4+ Kg8 31. f4 31... g6 $2 (31... a5 $18 $142) 32. Rxe6 $1
32... fxe6 33. Qxg6+ (33. Qxg6+ Kh8 34. Qxe6 $18) 1-0

[Event "Bad Woerishofen op"]
[Site "Bad Woerishofen"]
[Date "2001.??.??"]
[Round "4"]
[White "Kalinitschev, Sergej"]
[Black "Loew, Gerald"]
[Result "1-0"]
[WhiteElo "2495"]
[BlackElo "2283"]
[Annotator "ChessOrg"]
[PlyCount "79"]
[EventDate "1998.03.05"]
[Source "ChessBase"]
[SourceDate "1998.04.29"]

1. d4 {A60: Benoni (Moderne Benoni-Verteidigung)} 1... Nf6 2. c4 e6 3. Nf3 c5
4. d5 exd5 5. cxd5 Bd6 6. Nc3 Bc7 7. d6 Ba5 8. Bg5 Qb6 9. Bxf6 Qxb2 10. Bxg7 {
letzter Buchzug} 10... Bxc3+ 11. Bxc3 Qxc3+ 12. Nd2 Qd4 13. Rc1 Qxd6 14. Qc2
Nc6 15. Ne4 Qe5 16. Nxc5 d6 17. Nb3 Bf5 18. Qd2 O-O 19. e3 Rfe8 20. Bd3 Bxd3
21. Qxd3 a5 22. O-O a4 23. Nd2 Qe6 24. a3 Ra5 25. Qb1 Rg5 (25... Re7 $5 $14)
26. Qxb7 $16 26... Na5 27. Qf3 Nb3 28. Rcd1 Nc5 29. g3 Nd3 (29... Rg6 $5 $16
$142) 30. Ne4 $18 30... Ne5 31. Qf6 (31. Nxg5 $6 31... Nxf3+ 32. Nxf3 32... Qb3
$11) 31... Rg6 32. Qxe6 (32. Rxd6 Qxd6 33. Qxd6 Rxd6 34. Nxd6 34... Rd8 $18)
32... Rexe6 (32... fxe6 $2 33. Rxd6 Rc8 34. Ra6 $18) 33. Nc3 Nc4 (33... Re8 $18
$142) 34. Rd4 (34. Nxa4 $143 34... Nxa3 35. Nb6 35... Rg4 $18) 34... Nxa3 35.
Rxa4 Nc2 36. Rc1 Nxe3 37. fxe3 Rxe3 38. Nd5 Re5 39. Nf4 Rg4 (39... Rh6 $18) 40.
Rc8+ (40. Rc8+ Kg7 41. Nh5+ Rxh5 42. Rxg4+ Kf6 43. Rf4+ Rf5 44. Rxf5+ Kxf5 45.
Kf2 $18) 1-0